00598nam a2200193Ia 450000500170000000800410001702000240005804000190008204100120010108200160011310000140012924500350014325000740017826000480025230000180030044000390031865000370035785000100039420231206093425.0131103s9999 xx 000 0 und d a052128293 4cRs.560 aLoreto College aEnglish a421.52bBAK aBaker,Ann aTree or Three? b cAnn Baker aan elementary pronunciation course bwith drawings by Laslie Marshall aCambridgebCambridge University Pressc1982 a121 p.b ill. aIntroducting English Pronunciation aEnglish Language - Pronunciation aLCLIB